00436nam a2200121Ia 4500008004100000245014200041260003500183260000900218300000800227650001800235650001500253856004600268170221s9999 xx 000 0 und d aPerceived Poll Bias and Inference of Biased Poll Impact in the 2010 U.S. Midterm Elections: Media Performance in the Eyes of the Beholder bThe Open Communication Journal c2013 a7 : xCommunication xMedia Arts uhttps://benthamopen.com/TOCOMMJ/VOLUME/7/